02170cam a2200289 i 45000010009000000050017000090080041000260100017000670200018000840200018001020400044001200410008001642450106001722600092002783000037003704900028004075040041004355051057004765460022015336500057015556500062016126500061016746500059017356510048017947000017018427000021018591917586720170407145730.0170407s2017 enka frb 000 0 eng d a 2016020633 a9781138943278 z9781315672564 aCo-BoUCMbengcSaul NiñodSaul Niño0 aeng00aChina's global quest for resourcesbenergy, food and waterceditado por Fengshi Wu and Hongzhou Zhang aLondres (Inglaterra)aNew York (Estados Unidos)bRoutledge/Taylor & Francis Groupc2017 axi, 189 páginasbilustraciones0 aChina policy seriesv46 aIncluye referencias bibliográficas0 aIntroduction : a rising China and the future of world resources / Fengshi Wu and Hongzhou Zhang -- China's food security strategy reform : an emerging global agricultural policy / Hongzhou Zhang and Guoqiang Cheng -- Debating energy security in China : ideas and policy options / Daojiong Zha -- China and shared water resources : geopolitics, domestic institutions and global governance / Zhifei Li and Fengshi Wu -- Rethinking security and space in upper Mekong transboundary water projects / Lynn Thiesmeyer -- Food in Sino-U.S. relations : from blessing to curse? / Hongzhou Zhang -- China's energy interests in Central Asia and Russia : symbiotic distrust and striking a balance between cooperation and confrontation / Alessandro Arduino -- China's energy quest in Southeast Asia : "mercantilist rise" debated / Hong Zhao -- Sowing more than soybeans? : Latin America and the Caribbean's changing relations with China in agriculture and food production / Adriana Erthal Abdenur -- Conclusion : findings and notes for policy advocates / Fengshi Wu. aTexto en inglés 7aRecursos naturales xPolítica gubernamentalzChina 7aPolítica energética xPolítica gubernamentalzChina 7aIndustria energética xPolítica gubernamentalzChina 0aSeguridad alimentariaxPolítica gubernamentalzChina 0aChinaxRelaciones económicas y exteriores1 aWu, Fengshi,1 aZhang, Hongzhou,